000 nam a22 7a 4500
999 _c328509
_d328509
003 Nust
005 20170525122117.0
008 170410b xxu||||| |||| 00| 0 eng d
020 _a 9781484120835
040 _aDLC
_bDLC
_cRCMS
082 _a358.4 DEF
100 _aDefense system management College
_91417
245 _aSystem Engineering Fundamentals
260 _aVerginia
_bDefense system management college
_cc October 1999.
300 _a194 p. :
_bill, ;
_c28 cm.
538 _iShelf # 12, Row # 4, System Engineering.
650 _aSystem Engineering
_91402
856 _3Table of Contents Only.
942 _2ddc
_cBK
_k358.4 DEF